| 000 | 00462nam a22001457a 4500 | ||
|---|---|---|---|
| 999 |
_c20218 _d20218 |
||
| 008 | 240503b ||||| |||| 00| 0 eng d | ||
| 020 | _a9711604108 | ||
| 082 |
_aDFil 346.04409599 _bC73 2001 |
||
| 245 | _aComprehensive agrarian reform law (and related laws) / | ||
| 250 | _aFirst edition. | ||
| 260 |
_aManila : _bCentral Book Supply, Inc., _c©2001. |
||
| 300 |
_ax, 428 pages : _billustrations ; _c22 cm. |
||
| 650 |
_aLand reform. _957275 |
||
| 942 |
_2ddc _cDFIL |
||